000 01176nam a22002657a 4500
001 BD-DhSAU 9438
003 BD-DhSAU
005 20181210113734.0
008 150613b2010 bg a|||| m||| 00| 0 eng d
040 _aBD-DhSAU
082 _222
_a630.715
_bN798
100 _aNoor-E-Alam, Mohammad
_eRegistration # 08-03273
245 _aAttitude of farmers towards 'one house one farm' program /
_bMS thesis
_cMohammad Noor-E-Alam,
260 _aSher-e-Bangla Agricultural Uniersity :
_bDepartment of Agricultural Extension & Information System,
_c2010
300 _a72 p. :
_bill. ;
_c30 cm.
500 _aMS thesis of Department of Agricultural Extension & Information System, Faculty of Agriculture, Sher-e-Bangla Agricultural University, Dhaka, Bangladesh
504 _aIncludes bibliographical reference.
590 _aerfat
650 _aAgricultural Extension & Information System
650 _aAttitude of farmers towards 'one hose one farm' program
700 _aUlla, Md Shadat
_eSuperviser
700 _aIslam, Md Rafiquel
_eCo-superviser
856 _u http://archive.saulibrary.edu.bd:8080/xmlui/handle/123456789/899
942 _2ddc
_cTHESIS
999 _c9438
_d9438